| 000 | 01536nam a2200217Ia 4500 | ||
|---|---|---|---|
| 003 | Ost | ||
| 005 | 20260507075604.0 | ||
| 008 | 260507s9999||||xx |||||||||||||| ||und|| | ||
| 040 | _cfsecg | ||
| 041 | _aara | ||
| 082 | _a657.45 | ||
| 100 |
_aالفيومي، محمد محمد _eمؤلف |
||
| 245 | 0 |
_aمراجعة نظم المحاسبة الإلكترونية / _c محمد محمد الفيومي |
|
| 260 |
_aالإسكندرية : _bدار التعليم الجامعي, _c(د.ت) |
||
| 300 |
_a208 صفحة؛ _bإيضاحات ؛ _c24 سم |
||
| 520 | _aتناول المؤلف بعض المجالات المتقدمة لمراجعة نظم المحاسبة الالكترونية من خلال 9 فصول قدم من خلالها مفهوم وماهية وأهداف وأهمية مراجعة نظم المعلومات المحاسبية الكترونيا، بالاضافة الى أنواع ومعايير واجراءات مراجعة هذه النظم، كذلك اختبارات المراجعة والرقابة الداخلية في ضل مراجعة نظم المعلومات الالكترونية ، وواقع والآثار الايجابية العالمية على مهنة المراجعة في مصر وفي الأخير قدم بعض الاسئلة والحالات التطبيقية. | ||
| 653 | _aمراجعة الحسابات | ||
| 653 | _aنظم المعلومات- المؤسسة الممتدة | ||
| 700 |
_aالمليجي، إبراهيم السيد _eمؤلف ثانوي |
||
| 942 | _cكتاب | ||
| 999 |
_c45036 _d45036 |
||